000
00338nam a22001457a 4500
008
210302b ||||| |||| 00| 0 eng d
020
_a
9780495093381
041
_a
eng
080
_2
3rd
_a
37
082
_a
37
100
_a
25
101
_a
EDU
245
_a
How it's done An Inovation to Social Research
_c
Adler, E.S
942
_2
udc
_c
BK
999
_c
55433
_d
55433